A Textbook of Plant Pathology (Record no. 31638)

MARC details
000 -LEADER
fixed length control field 00403nam a22001697a 4500
003 - CONTROL NUMBER IDENTIFIER
control field OSt
005 - DATE AND TIME OF LATEST TRANSACTION
control field 20220224152554.0
008 - FIXED-LENGTH DATA ELEMENTS--GENERAL INFORMATION
fixed length control field 220224b |||||||| |||| 00| 0 eng d
020 ## - INTERNATIONAL STANDARD BOOK NUMBER
International Standard Book Number 8188237604
040 ## - CATALOGING SOURCE
Transcribing agency HU
082 ## - DEWEY DECIMAL CLASSIFICATION NUMBER
Classification number 632.3
100 ## - MAIN ENTRY--PERSONAL NAME
Personal name Sambamurty
9 (RLIN) 31611
245 ## - TITLE STATEMENT
Title A Textbook of Plant Pathology
260 ## - PUBLICATION, DISTRIBUTION, ETC.
Place of publication, distribution, etc. New Delhi
Name of publisher, distributor, etc. I. K.
Date of publication, distribution, etc. 2006
300 ## - PHYSICAL DESCRIPTION
Extent 416 P
Other physical details PC
Dimensions 27 CM
942 ## - ADDED ENTRY ELEMENTS (KOHA)
Source of classification or shelving scheme Dewey Decimal Classification
Koha item type Books like text book referance book
Suppress in OPAC No
Holdings
Withdrawn status Lost status Source of classification or shelving scheme Damaged status Not for loan Collection code Home library Current library Shelving location Date acquired Total Checkouts Full call number Barcode Date last seen Copy number Price effective from Koha item type
    Dewey Decimal Classification     Reference Wondo Genet Library Wondo Genet Library General Stacks 02/24/2022   632.3 SAM 2006 WGCFNRL00012012 02/24/2022 1 02/24/2022 Books like text book referance book
    Dewey Decimal Classification     Reference Wondo Genet Library Wondo Genet Library General Stacks 02/24/2022   632.3 SAM 2006 WGCFNRL00012013 02/24/2022 2 02/24/2022 Books like text book referance book